000 01706nam2a22003971 4500
001 v19\rc\1849585
005 20251118180109.7
035 _a(NLR Aleph) 004945180
090 _a5823331
_c5823331
100 _a20080221d1908 u y0rusy50 ca
101 1 _arus
_cnor
_cnor
102 _aRU
105 _ay z |||a|
200 1 _a[Пан
_e[Роман]
_fПер. С. Полякова
_aСьеста
_e[Рассказы]
_fПер. С. Полякова]
210 _d1908
215 _a287, [2] с.
461 0 _1001v19\rc\1849580
_12001#$a... Собрание сочинений$eВ 12 т.$fКнут Гамсун$gПри ближайшем участии К. Бальмонта, Ю. Балтрушайтиса и С. Полякова$vТ. 5
_1700#1$aГамсун$bК.$f1859-1952$gКнут
_95823284
_aГамсун, К. (1859-1952)
_cСанкт-Петербург
_d[1908]-[1910]
_fКнут Гамсун
_nШиповник
_oВ 12 т.
_p12 т.
_tСобрание сочинений
_vТ. 5
540 1 _aПан
702 1 _4730
_7ca
_8rus
_aПоляков
_bС. А.
_cпромышленник, издатель, переводчик
_f1874-1943
_gСергей Александрович
_9253971
_3RU\NLR\AUTH\770254027
801 0 _aRU
_bNLR
_gpsbo
801 0 _aRU
_bRuMoRGB
_2psbo
801 1 _aRU
_bProSoft-M
_2rusmarc
852 _aNLR
_j37.19.8.21
852 _aNLR
_jЛ60/Б-3/48
899 _aRuMoRGB
_jU 28/25
899 _aRuMoRGB
_jКл 66/147
899 _aRuMoRGB
_jРб 10/2182
899 _aRuMoRGB
_jРб 10/2183
899 _aRuMoRGB
_jU 275/129
899 _aRuMoRGB
_jЯ 123/15
899 _aБАН
899 _aНБ СПбГУ
899 _aГПИБ
942 _cBOOK
980 _aNB